Online Public Access Catalogue

Tietz fundamentals of clinical chemistry and molecular diagnostics / (Record no. 8670)

MARC details
000 -LEADER
fixed length control field 01310cam a22003737i 4500
020 ## - INTERNATIONAL STANDARD BOOK NUMBER
International Standard Book Number 1455741655
020 ## - INTERNATIONAL STANDARD BOOK NUMBER
International Standard Book Number 9781455741656
035 ## - SYSTEM CONTROL NUMBER
System control number (OCoLC)ocn858731327
042 ## - AUTHENTICATION CODE
Authentication code nlmcopyc
-- lccopycat
060 00 - NATIONAL LIBRARY OF MEDICINE CALL NUMBER
Classification number QY 90
Item number B973t 2015
082 04 - DEWEY DECIMAL CLASSIFICATION NUMBER
Classification number 616.07/56
Author Mark TIE
100 ## - MAIN ENTRY--PERSONAL NAME
Author Name Burtis, Carl A., (ed)
245 00 - TITLE STATEMENT
Title Tietz fundamentals of clinical chemistry and molecular diagnostics /
250 ## - EDITION STATEMENT
Edition statement Seventh edition.
264 #1 - PRODUCTION, PUBLICATION, DISTRIBUTION, MANUFACTURE, AND COPYRIGHT NOTICE
Place of production, publication, distribution, manufacture St. Louis, Missouri :
Name of producer, publisher, distributor, manufacturer Elsevier/Saunders,
Date of production, publication, distribution, manufacture, or copyright notice [2015]
300 ## - PHYSICAL DESCRIPTION
No of Pages xxii, 1075 pages :
illustrations illustrations (some color) ;
Dimensions 29 cm.
336 ## - CONTENT TYPE
Content type term still image
Source rdacontent
336 ## - CONTENT TYPE
Content type term text
Source rdacontent
337 ## - MEDIA TYPE
Media type term unmediated
Source rdamedia
338 ## - CARRIER TYPE
Carrier type term volume
Source rdacarrier
504 ## - BIBLIOGRAPHY, ETC. NOTE
Bibliography, Index, etc. note Includes bibliographical references and index.
650 #0 - SUBJECT ADDED ENTRY--TOPICAL TERM
Subject DPT
Keywords Clinical chemistry.
650 #0 - SUBJECT ADDED ENTRY--TOPICAL TERM
Subject Therapy
Keywords Molecular diagnosis.
650 12 - SUBJECT ADDED ENTRY--TOPICAL TERM
Subject Chemistry, Clinical.
650 #7 - SUBJECT ADDED ENTRY--TOPICAL TERM
Subject Clinical chemistry.
Authority record control number or standard number (OCoLC)fst00864330
650 #7 - SUBJECT ADDED ENTRY--TOPICAL TERM
Subject Molecular diagnosis.
Authority record control number or standard number (OCoLC)fst01024777
Keywords IMDC
906 ## - LOCAL DATA ELEMENT F, LDF (RLIN)
a 7
b cbc
c copycat
d 2
e ncip
f 20
g y-gencatlg
942 ## - ADDED ENTRY ELEMENTS (KOHA)
Source of classification or shelving scheme
Koha item type Books
Holdings
Item status Home library Current library Shelving location Date acquired Total Checkouts Full call number Barcode Date last seen Koha item type
  Islamabad Medical and Dental College Islamabad Medical and Dental College Islamabad Medical and Dental College 16/03/2018   616.0756 TIE 10429 16/03/2018 Books
  Islamabad Medical and Dental College Islamabad Medical and Dental College Islamabad Medical and Dental College 16/03/2018   616.0756 TIE 10454 16/03/2018 Books

Copyright @ IMDC Library
Islamabad Medical and Dental College
Bhara Kahu, Islamabad

  Contact the Librarian, IMDC
  Email:: library@imdcollege.edu.pk

  OPAC Customized by
  Mazhar Hussain,
  Librarian:
  Islamabad Medical and Dental College
  Email:: library@imdcollege.edu.pk